Loading...

The Blind And Their Social-Adjustment Ma Diss

Bibliographic Details
Main Author: Pramod S
Format: Printed Book
Language:Undetermined
Published: Trivandurm: Dept Of Sociology, 1997
Subjects:
LEADER 00544nam a2200157Ia 4500
008 200110s9999||||xx |||||||||||||| ||und||
080 |a 305.231  |b PRA-B 
100 |a Pramod S  
245 4 |a The Blind And Their Social-Adjustment Ma Diss 
260 |a Trivandurm:  |b Dept Of Sociology,   |c 1997 
300 |a 153 p.  |f HB 
500 |a General 
650 |a The Blind And Their Social-Adjustment Ma Diss  
942 |c BK 
999 |c 256202  |d 256202 
952 |0 0  |1 0  |4 0  |6 305_231000000000000_PRAB  |7 0  |9 272126  |a SOC  |b SOC  |l 0  |o 305.231 PRA-B  |p SOC5859  |r 2020-01-14  |w 2020-01-14  |y BK